000 00369 a2200169 4500
001 73077
020 _a8576663384
040 _cAnchieta - Colégio São Paulo
100 _aMarino, Denise Mattos
240 1 0 _aHistória
_lpor
245 1 0 _aHistória
300 _a168
362 0 _a0
440 1 _aEscala Educacional
650 4 _aHistória do mundo
942 _cBK
999 _c73077
_d73077